Средоточие (Запис № 570510)

МАРК-запис
000 -Лідер
fixed length control field 01488 a2200229 4500
003 - Ідентифікатор контрольного номера
control field UA-OsUOA
005 - Дата та час останнього входження (трансакції)
control field 20210601122910.0
008 - Елементи даних фіксованої довжини – загальна інформація
fixed length control field 210512b un ||||| |||| 00| 0 ukr d
040 ## - Джерело каталогізації
Агенція оригінальної каталогізації UA-OsUOA
Мова каталогізації ukr
Агенція, яка здійснювала перезапис UA-OsUOA
Агенція, яка здійснювала модифікацію UA-OsUOA
041 ## - Код мови
Код мови тексту/ звукової доріжки чи окремого заголовка (П) rus
080 ## - Індекс Універсальної десяткової класифікації
Індекс Універсальної десяткової класифікації (УДК) (НП) 821.161.1
090 ## - Локальний шифр розміщення
Класифікаційний індекс УДК 821.161.1
Авторський знак (НП) Г96
100 ## - Основне введення – ім’я особи
Ім’я особи (НП) Гусаров В.
245 ## - Відомості про назву
Назва (НП) Средоточие
Дані про відповідальність (НП) Виктор Гусаров
260 ## - Публікація, розповсюдження і т.п. (Вихідні дані)
Дата публікації, розповсюдження і т.п. (П) 1995
Ім’я/ наймення видавництва, розповсюджувача і т.п. (П) ОПМП ХАЭС
300 ## - Фізичний опис
Обсяг 64 с.
520 ## - Резюме і т.п.
Резюме, реферат, анотація, тощо (НП) В произведениях В. Гусарова ведущими являются поэтическое настроение в совокупности с логичностью мысли, прекрасная образность. Его стихи музыкальны. Они не шокируют новизной формы, автор изьясняется просто без позы и манерничания.<br/>Предрекаю хорошее будущее его творениям, поскольку В. Гусаров высоко требователен к себе, обладает неповторимым, исключительно чистым поэтическим голосом.
650 ## - Додаткове предметне введення – тематичний термін
Джерело заголовка чи терміна UDC
Тематичний термін чи географічна назва, як елемент введення (НП) 821 Художня література окремими мовами і мовними сім'ями
942 ## - Додаткові елементи входу (Коха)
Тип елемента Koha Книги
Source of classification or shelving scheme Universal Decimal Classification
955 ## - Код типу видання за змістом
Код типу видання за змістом (НП) Літературно-художні видання
Фонди
Стан вилучень Стан втрат Джерело класифікації або схеми стелажів Стан уражень Не для кредиту Код колекції Постійне місце розташування Поточне розміщення Дата придбання Джерело придбання Вартість, звичайна ціна покупки Повний номер виклику Штрих-код Дата останнього перегляду Вартість, ціна заміни Ціна ефективна від Тип елемента Koha Примітка, призначена для загального доступу
    Universal Decimal Classification     Колекція Пасічника І.Д. ЧЗ - Читальна зала ЧЗ - Читальна зала 12/05/2021 №15/11.05.2021 25.00 821.161.1 Г96 163438 07/02/2022 25.00 12/05/2021 Книги з автографом Гусаров В.